A guide to the collision avoidance rules: International Regulations for Preventing Collisions at Sea / (Record no. 3749)

000 -LEADER
fixed length control field 00556nam a22001697a 4500
008 - FIXED-LENGTH DATA ELEMENTS--GENERAL INFORMATION
fixed length control field 200629b ||||| |||| 00| 0 eng d
020 ## - INTERNATIONAL STANDARD BOOK NUMBER
International Standard Book Number 0540072788
082 00 - DEWEY DECIMAL CLASSIFICATION NUMBER
Classification number 623.8884
Item number C6667
100 ## - MAIN ENTRY--PERSONAL NAME
9 (RLIN) 1600
Personal name Cockroft, A. N.
245 10 - TITLE STATEMENT
Title A guide to the collision avoidance rules: International Regulations for Preventing Collisions at Sea /
250 ## - EDITION STATEMENT
Edition statement 3rd ed.
260 ## - PUBLICATION, DISTRIBUTION, ETC. (IMPRINT)
Place of publication, distribution, etc London
Name of publisher, distributor, etc Stanford Maritime
Date of publication, distribution, etc 1982
300 ## - PHYSICAL DESCRIPTION
Extent 238 p.
650 #0 - SUBJECT ADDED ENTRY--TOPICAL TERM
Topical term or geographic name as entry element Rule of the road at sea
700 ## - ADDED ENTRY--PERSONAL NAME
9 (RLIN) 1601
Personal name Lameijer, J.N.F.
942 ## - ADDED ENTRY ELEMENTS (KOHA)
Item type Books
Holdings
Withdrawn status Lost status Source of classification or shelving scheme Damaged status Not for loan Permanent location Current location Date acquired Full call number Barcode Date last seen Koha item type
          IMU Kolkata IMU Kolkata 2020-06-29 623.8884 C6667 06727 2020-06-29 Books
Designed and Maintained by IMU-KC Library, Kolkata Campus © Copyright All Rights Reserved

webs counters

Powered by Koha